<?xml version="1.0" encoding="UTF-8"?>
<record
    xmlns:xsi="http://www.w3.org/2001/XMLSchema-instance"
    xsi:schemaLocation="http://www.loc.gov/MARC21/slim http://www.loc.gov/standards/marcxml/schema/MARC21slim.xsd"
    xmlns="http://www.loc.gov/MARC21/slim">

  <leader>00550nam a2200241 a 4500</leader>
  <controlfield tag="001">nice12345678</controlfield>
  <controlfield tag="003">IN_TiNIC</controlfield>
  <controlfield tag="005">20260116011653.0</controlfield>
  <controlfield tag="008">050524s1943    lona   grp    000 0 eng  </controlfield>
  <datafield tag="020" ind1=" " ind2=" ">
    <subfield code="a"></subfield>
    <subfield code="c">100</subfield>
  </datafield>
  <datafield tag="082" ind1="0" ind2="0">
    <subfield code="a">241</subfield>
    <subfield code="b">LEW</subfield>
  </datafield>
  <datafield tag="100" ind1=" " ind2=" ">
    <subfield code="a">Lewis, C S</subfield>
  </datafield>
  <datafield tag="245" ind1=" " ind2=" ">
    <subfield code="a">Christian Behaviour</subfield>
  </datafield>
  <datafield tag="260" ind1=" " ind2=" ">
    <subfield code="a">London</subfield>
    <subfield code="b">Centenary Press</subfield>
    <subfield code="c">1943</subfield>
  </datafield>
  <datafield tag="300" ind1=" " ind2=" ">
    <subfield code="a">64p</subfield>
  </datafield>
  <datafield tag="500" ind1=" " ind2=" ">
    <subfield code="a">includes index and biblioraphy</subfield>
  </datafield>
  <datafield tag="505" ind1="2" ind2=" ">
    <subfield code="a">Index</subfield>
  </datafield>
  <datafield tag="650" ind1=" " ind2=" ">
    <subfield code="a">Christian-Ethics</subfield>
  </datafield>
  <datafield tag="700" ind1="1" ind2=" ">
    <subfield code="a">Lewis, C S</subfield>
  </datafield>
  <datafield tag="902" ind1=" " ind2=" ">
    <subfield code="b">SRS</subfield>
  </datafield>
  <datafield tag="942" ind1=" " ind2=" ">
    <subfield code="c">BK</subfield>
  </datafield>
  <datafield tag="952" ind1=" " ind2=" ">
    <subfield code="0">0</subfield>
    <subfield code="1">0</subfield>
    <subfield code="4">0</subfield>
    <subfield code="7">0</subfield>
    <subfield code="a">HMI</subfield>
    <subfield code="b">HMI</subfield>
    <subfield code="d">2016-04-22</subfield>
    <subfield code="g">100.00</subfield>
    <subfield code="l">0</subfield>
    <subfield code="o">241  LEW</subfield>
    <subfield code="p">5263</subfield>
    <subfield code="r">0000-00-00</subfield>
    <subfield code="w">2026-01-16</subfield>
    <subfield code="y">ARB</subfield>
  </datafield>
  <datafield tag="952" ind1=" " ind2=" ">
    <subfield code="0">0</subfield>
    <subfield code="1">0</subfield>
    <subfield code="4">0</subfield>
    <subfield code="7">0</subfield>
    <subfield code="a">HMI</subfield>
    <subfield code="b">HMI</subfield>
    <subfield code="d">2016-04-22</subfield>
    <subfield code="g">100.00</subfield>
    <subfield code="l">0</subfield>
    <subfield code="o">241  LEW</subfield>
    <subfield code="p">5264</subfield>
    <subfield code="r">0000-00-00</subfield>
    <subfield code="w">2026-01-16</subfield>
    <subfield code="y">ARB</subfield>
  </datafield>
  <datafield tag="952" ind1=" " ind2=" ">
    <subfield code="0">0</subfield>
    <subfield code="1">0</subfield>
    <subfield code="4">0</subfield>
    <subfield code="7">0</subfield>
    <subfield code="a">HMI</subfield>
    <subfield code="b">HMI</subfield>
    <subfield code="d">2016-04-22</subfield>
    <subfield code="g">100.00</subfield>
    <subfield code="l">0</subfield>
    <subfield code="o">241  LEW</subfield>
    <subfield code="p">8102</subfield>
    <subfield code="r">0000-00-00</subfield>
    <subfield code="w">2026-01-16</subfield>
    <subfield code="y">ARB</subfield>
  </datafield>
  <datafield tag="952" ind1=" " ind2=" ">
    <subfield code="0">0</subfield>
    <subfield code="1">0</subfield>
    <subfield code="4">0</subfield>
    <subfield code="7">0</subfield>
    <subfield code="a">HMI</subfield>
    <subfield code="b">HMI</subfield>
    <subfield code="d">2016-04-22</subfield>
    <subfield code="g">100.00</subfield>
    <subfield code="l">0</subfield>
    <subfield code="o">241  LEW</subfield>
    <subfield code="p">8470</subfield>
    <subfield code="r">0000-00-00</subfield>
    <subfield code="w">2026-01-16</subfield>
    <subfield code="y">ARB</subfield>
  </datafield>
  <datafield tag="999" ind1=" " ind2=" ">
    <subfield code="c">3284</subfield>
    <subfield code="d">3284</subfield>
  </datafield>
</record>
